Time Series Analysis

Uložené v:
Podrobná bibliografia
Hlavný autor: Cryer, Jonathan D.
Médium: Kniha
Jazyk:English
Vydavateľské údaje: Boston Duxbury Press 1986
Vydanie:1. ed.
Tagy: Pridať tag
Žiadne tagy, Buďte prvý, kto otaguje tento záznam!

MARC

LEADER 00000nam a2200000 4500
001 c034262
005 20221220073100.3
041 0 |a eng 
044 |a US 
245 1 0 |a Time Series Analysis  |c Jonathan D. Cryer 
250 |a 1. ed. 
264 1 |a Boston  |b Duxbury Press  |c 1986 
300 |a 286 s. 
100 1 |a Cryer, Jonathan D.